[Event "Goch op 08th"]
[Site "Goch"]
[Date "1997.10.18"]
[Round "5"]
[White "Breuning, Peter"]
[Black "Schluck, Norbert"]
[Result "1-0"]
[WhiteElo "1989"]
[BlackElo "1734"]
[PlyCount "79"]
[EventDate "1997.10.16"]
[EventType "swiss"]
[EventRounds "7"]
[EventCountry "GER"]
[SourceTitle "EXT 2001"]
[Source "ChessBase"]
[SourceDate "2000.11.22"]
[SourceVersion "1"]
[SourceVersionDate "2000.11.22"]
[SourceQuality "1"]

1. d4 c6 2. Nf3 d5 3. Bg5 h6 4. Bh4 Bf5 5. Nbd2 Nd7 6. c4 Ngf6 7. e3 e6 8. Be2 Be7 9. 0-0 0-0 10. a3 Rc8 11. b4 a6 12. Qb3 Ne4 13. Bxe7 Qxe7 14. a4 Bg4 15. Bd3 dxc4 16. Bxc4 Nxd2 17. Nxd2 Qg5 18. Kh1 Bf5 19. b5 axb5 20. axb5 Bc2 21. Qxc2 cxb5 22. Ra5 b6 23. f4 Qh5 24. g4 Rxc4 25. Nxc4 Qh3 26. Raa1 Rc8 27. Qg2 Qxg2+ 28. Kxg2 bxc4 29. Rab1 Rc6 30. Kf3 c3 31. Rfc1 f6 32. Rb3 e5 33. Rbxc3 Rd6 34. Rc6 Rxc6 35. Rxc6 Kf7 36. Ke4 exd4 37. exd4 g6 38. Kd5 Ke7 39. Re6+ Kf7 40. Kd6 1-0